Zmeny v slovenských daňových predpisoch a ich následky

Pre slovenské daňové právo je charakteristická nestálosť právnej úpravy, pričom novelizácie daňových zákonov sú takpovediac na dennom poriadku. Odborná spisba sa tomuto problému (nestálosti daňového práva) venuje a poukazuje na to, že časté zmeny právnej úpravy spochybňujú ústavne proklamovanú garan...

Ausführliche Beschreibung

Gespeichert in:
Bibliographische Detailangaben
1. Verfasser: Kubincová, Soňa
Weitere Verfasser: Jamrichová, Tatiana
Format: Buchkapitel
Sprache:Slowakisch
Schlagworte:
Tags: Tag hinzufügen
Keine Tags, Fügen Sie das erste Tag hinzu!

MARC

LEADER 00000naa a2200000 4500
001 0305176
005 20241119090138.9
041 0 |a slo 
044 |a SK 
245 1 0 |a Zmeny v slovenských daňových predpisoch a ich následky  |c Soňa Kubincová, Tatiana Jamrichová 
520 |a Pre slovenské daňové právo je charakteristická nestálosť právnej úpravy, pričom novelizácie daňových zákonov sú takpovediac na dennom poriadku. Odborná spisba sa tomuto problému (nestálosti daňového práva) venuje a poukazuje na to, že časté zmeny právnej úpravy spochybňujú ústavne proklamovanú garanciu právnej istoty. Príspevok poukazuje na zmeny daňových predpisov a ich následky. 
610 2 0 |a predpisy daňové 
610 2 0 |a právo daňové 
610 2 0 |a novelizácia 
610 2 0 |a úpravy právne 
610 2 0 |a istoty právne 
100 1 |a Kubincová, Soňa 
700 1 |a Jamrichová, Tatiana